[Event "EIBCC 2019"]
[Site "Tallinn"]
[Date "2019.12.07"]
[Round "1.3"]
[White "Homatidis, Panagiotis"]
[Black "Sargissian, Gabriel"]
[Result "0-1"]
[WhiteElo "2024"]
[BlackElo "2676"]
[Annotator "ChessBase"]
[PlyCount "62"]
[EventDate "2019.12.06"]
[EventType "swiss"]
[EventCountry "EST"]
[SourceTitle "playchess.com"]
[Source "ChessBase"]
[SourceQuality "1"]

1. e4 e5 2. Nf3 Nc6 3. Bb5 a6 4. Ba4 Nf6 5. O-O Be7 6. c3 Nxe4 7. Re1 Nc5 8. Nxe5 Nxe5 9. Rxe5 Nxa4 10. Qxa4 O-O 11. d3 d6 12. Re1 Bf5 13. Qc2 Re8 14. Be3 Qd7 15. Nd2 Qc6 16. Ne4 Bf8 17. f3 d5 18. Ng3 Bg6 19. Bf2 Qb5 20. c4 dxc4 21. dxc4 Qc6 22. Qc3 b6 23. b3 a5 24. Bd4 Bb4 25. Rxe8+ Rxe8 26. Qb2 f6 27. Qf2 Rd8 28. Rd1 Qd7 29. Qe3 c5 30. Ne2 cxd4 31. Rxd4 Bc5 0-1

[Event "EIBCC 2019"]
[Site "Tallinn"]
[Date "2019.12.07"]
[Round "1.4"]
[White "Mamedov, Rauf"]
[Black "Kazakovskiy, Alexey"]
[Result "1-0"]
[WhiteElo "2670"]
[BlackElo "2024"]
[Annotator "ChessBase"]
[PlyCount "49"]
[EventDate "2019.12.06"]
[EventType "swiss"]
[EventCountry "EST"]
[SourceTitle "playchess.com"]
[Source "ChessBase"]
[SourceQuality "1"]

1. e4 c6 2. Ne2 d5 3. e5 Bf5 4. Ng3 Bg6 5. h4 h6 6. h5 Bh7 7. e6 fxe6 8. d4 Qd6 9. f4 Nd7 10. Bd3 Bxd3 11. Qxd3 O-O-O 12. Be3 Ngf6 13. Nd2 Ng4 14. Nf3 Nxe3 15. Qxe3 c5 16. O-O-O cxd4 17. Nxd4 e5 18. Ngf5 Qf6 19. fxe5 Qxe5 20. Qc3+ Kb8 21. Rhe1 Qf4+ 22. Kb1 e5 23. Ne6 Qxf5 24. Qc7+ Ka8 25. Qxd8+ 1-0

[Event "EIBCC 2019"]
[Site "Tallinn"]
[Date "2019.12.07"]
[Round "1.6"]
[White "Riazantsev, Alexander"]
[Black "Bolsakovs, Vadims"]
[Result "1-0"]
[WhiteElo "2635"]
[BlackElo "2020"]
[Annotator "ChessBase"]
[PlyCount "57"]
[EventDate "2019.12.06"]
[EventType "swiss"]
[EventCountry "EST"]
[SourceTitle "playchess.com"]
[Source "ChessBase"]
[SourceQuality "1"]

1. d4 d5 2. c4 dxc4 3. e3 b5 4. a4 b4 5. Qf3 c6 6. Bxc4 e6 7. Ne2 Bb7 8. O-O Qc7 9. b3 Nf6 10. Bb2 Nbd7 11. a5 a6 12. Nd2 c5 13. Qh3 Be7 14. Bd3 O-O 15. Nc4 Rac8 16. dxc5 Qxc5 17. Rfd1 h6 18. Rac1 Qg5 19. Bc2 Nc5 20. Qg3 Rfd8 21. Qxg5 hxg5 22. f3 Nd5 23. Kf2 Bf6 24. Bxf6 gxf6 25. e4 Ne7 26. Ke3 Rxd1 27. Rxd1 Kg7 28. Nd6 Rc7 29. Ne8+ 1-0

[Event "EIBCC 2019"]
[Site "Tallinn"]
[Date "2019.12.07"]
[Round "1.7"]
[White "Leszko, Bence"]
[Black "Demidov, Mikhail"]
[Result "0-1"]
[WhiteElo "2018"]
[BlackElo "2631"]
[Annotator "ChessBase"]
[PlyCount "138"]
[EventDate "2019.12.06"]
[EventType "swiss"]
[EventCountry "EST"]
[SourceTitle "playchess.com"]
[Source "ChessBase"]
[SourceQuality "1"]

1. e4 g6 2. d4 Bg7 3. g3 d6 4. Bg2 Nf6 5. Ne2 O-O 6. O-O e5 7. h3 Nc6 8. Be3 exd4 9. Nxd4 Re8 10. Nc3 Bd7 11. Qd2 a6 12. Rad1 Ne5 13. Qe2 Qc8 14. Kh2 Nc6 15. Qd2 Nxd4 16. Bxd4 Bc6 17. Rfe1 b5 18. Nd5 Bxd5 19. exd5 Qd7 20. Bxf6 Bxf6 21. b3 Be5 22. f4 Bf6 23. Rxe8+ Rxe8 24. Re1 Qd8 25. Re2 Qb8 26. Qe1 Rxe2 27. Qxe2 Qb6 28. h4 Qd4 29. Qe4 Qd2 30. Qd3 Qa5 31. c4 Qxa2 32. cxb5 axb5 33. Qxb5 Kg7 34. Qc4 Qa7 35. b4 Qb6 36. b5 Qa5 37. Kh3 h5 38. Kh2 Qa7 39. Qc2 Qb6 40. Qc6 Qa5 41. Qc4 Qa7 42. Qc2 Qb8 43. Qc4 Qd8 44. Qc6 Bd4 45. Qc4 Bc5 46. Qe2 Qf6 47. Bh3 Qa1 48. Bg2 Qb1 49. Kh3 Bb6 50. Kh2 Bg1+ 51. Kh3 Qf5+ 52. g4 hxg4+ 53. Qxg4 Qd3+ 54. Qg3 Qxb5 55. f5 Qb1 56. fxg6 fxg6 57. Qg4 Kh7 58. Qd7+ Kh6 59. Qg4 Be3 60. Be4 Qf1+ 61. Qg2 Qf6 62. Qg3 Bb6 63. Qg4 Bc5 64. Qg2 Bd4 65. Qg4 Be5 66. Qg2 Bd4 67. Qg4 Bf2 68. Kg2 Bxh4 69. Bxg6 Qxg6 0-1

[Event "EIBCC 2019"]
[Site "Tallinn"]
[Date "2019.12.07"]
[Round "1.8"]
[White "Motylev, Alexander"]
[Black "Sokolov, Ilia"]
[Result "1-0"]
[WhiteElo "2629"]
[BlackElo "2018"]
[Annotator "ChessBase"]
[PlyCount "48"]
[EventDate "2019.12.06"]
[EventType "swiss"]
[EventCountry "EST"]
[SourceTitle "playchess.com"]
[Source "ChessBase"]
[SourceQuality "1"]

1. e4 e6 2. d4 d5 3. Nc3 Bb4 4. e5 Ne7 5. a3 Bxc3+ 6. bxc3 b6 7. Qg4 Ng6 8. h4 h5 9. Qd1 Ba6 10. Bxa6 Nxa6 11. Bg5 Qd7 12. Qd3 Nb8 13. Ne2 Nc6 14. Ng3 Na5 15. Qf3 Qa4 16. Nxh5 Rh7 17. Ra2 Qc4 18. Ra1 Rxh5 19. Qxh5 Qxc3+ 20. Ke2 Qxc2+ 21. Kf3 Qd3+ 22. Be3 Nc4 23. Rae1 Nd2+ 24. Kg3 O-O-O 1-0

[Event "EIBCC 2019"]
[Site "Tallinn"]
[Date "2019.12.07"]
[Round "1.9"]
[White "George, Matthew P"]
[Black "Ziska, Helgi Dam"]
[Result "0-1"]
[WhiteElo "2016"]
[BlackElo "2614"]
[Annotator "ChessBase"]
[PlyCount "62"]
[EventDate "2019.12.06"]
[EventType "swiss"]
[EventCountry "EST"]
[SourceTitle "playchess.com"]
[Source "ChessBase"]
[SourceQuality "1"]

1. Nf3 Nf6 2. c4 g6 3. Nc3 Bg7 4. e4 d6 5. d4 O-O 6. Be2 Nbd7 7. O-O e5 8. d5 Nc5 9. Qc2 a5 10. Bg5 h6 11. Be3 Nh5 12. g3 b6 13. a3 f5 14. Bxc5 bxc5 15. Nh4 Nf4 16. exf5 gxf5 17. Ng2 Nxe2+ 18. Qxe2 Rb8 19. f4 e4 20. Ne3 Bd7 21. Rad1 Bd4 22. Rd2 Qf6 23. Rc1 Be8 24. Kh1 Bh5 25. g4 fxg4 26. Rg1 Qxf4 27. Ncd1 Kh8 28. Rf1 Qg5 29. Qg2 Rf3 30. Rdf2 Bxe3 31. Nxe3 Qxe3 0-1

[Event "EIBCC 2019"]
[Site "Tallinn"]
[Date "2019.12.07"]
[Round "1.10"]
[White "Babula, Vlastimil"]
[Black "Saveljev, Ivan"]
[Result "1-0"]
[WhiteElo "2605"]
[BlackElo "2014"]
[Annotator "ChessBase"]
[PlyCount "91"]
[EventDate "2019.12.06"]
[EventType "swiss"]
[EventCountry "EST"]
[SourceTitle "playchess.com"]
[Source "ChessBase"]
[SourceQuality "1"]

1. d4 Nf6 2. c4 g6 3. Nc3 d5 4. cxd5 Nxd5 5. Bd2 Bg7 6. e4 Nxc3 7. Bxc3 O-O 8. h4 h5 9. Nh3 c5 10. d5 e6 11. Ng5 exd5 12. exd5 Re8+ 13. Be2 Qe7 14. d6 Bxc3+ 15. bxc3 Qe5 16. Kf1 Be6 17. Qd2 Nc6 18. Rd1 Rad8 19. g3 Rd7 20. f4 Qg7 21. Kf2 Qf8 22. Rhe1 Bf5 23. Bc4 Red8 24. Qd5 Kg7 25. Qxc5 Rxd6 26. Rxd6 Qxd6 27. Qxd6 Rxd6 28. Nxf7 Rd2+ 29. Re2 Rxe2+ 30. Kxe2 Bb1 31. Nd6 Na5 32. Bd5 b6 33. Ke3 Kf6 34. Kd4 Bc2 35. Ne4+ Ke7 36. Ke5 Bd3 37. Ng5 Nc4+ 38. Kd4 Nb2 39. Be4 Bc4 40. Bxg6 Bxa2 41. Bxh5 b5 42. Be2 a6 43. h5 Bg8 44. h6 Kf6 45. h7 Bxh7 46. Nxh7+ 1-0

[Event "EIBCC 2019"]
[Site "Tallinn"]
[Date "2019.12.07"]
[Round "1.11"]
[White "Aizenberg, Benny"]
[Black "Lysyj, Igor"]
[Result "0-1"]
[WhiteElo "2012"]
[BlackElo "2600"]
[Annotator "ChessBase"]
[PlyCount "130"]
[EventDate "2019.12.06"]
[EventType "swiss"]
[EventCountry "EST"]
[SourceTitle "playchess.com"]
[Source "ChessBase"]
[SourceQuality "1"]

1. e4 e5 2. Nf3 Nc6 3. Bb5 a6 4. Ba4 Nf6 5. O-O Bc5 6. c3 O-O 7. d4 Ba7 8. Re1 exd4 9. cxd4 d6 10. h3 h6 11. Nc3 Bd7 12. Bc2 Re8 13. e5 dxe5 14. dxe5 Nh7 15. Qd3 Nf8 16. a3 Be6 17. Bf4 Qxd3 18. Bxd3 Nd4 19. Nxd4 Bxd4 20. Rad1 Rad8 21. Be4 c6 22. Rd2 Bb3 23. Bf3 Ng6 24. Bg3 Kf8 25. Rde2 Bc4 26. Rd2 Bxc3 27. Rxd8 Bxe1 28. Rd7 Nxe5 29. Bxe5 Rxe5 30. Rxb7 Bd5 31. Rb8+ Re8 32. Rb6 Bxf3 33. gxf3 a5 34. Rxc6 Rb8 35. Rc2 a4 36. Kf1 Ba5 37. Rc4 Rxb2 38. Rxa4 Bb6 39. Rf4 Rxf2+ 40. Ke1 Ra2 41. a4 Bd8 42. Rd4 Bf6 43. Rc4 g5 44. Kf1 Kg7 45. Kg1 Be5 46. Re4 f6 47. Rc4 Kg6 48. Re4 h5 49. h4 Kf5 50. Rb4 g4 51. fxg4+ hxg4 52. h5 Kg5 53. h6 Kxh6 54. Rxg4 Rd2 55. Rg8 Ra2 56. Rg4 Kh5 57. Rb4 Kg5 58. Rc4 f5 59. Rb4 Bg3 60. Rb3 Kg4 61. Rb4+ f4 62. Kf1 Kh3 63. Rc4 f3 64. Rc1 Rh2 65. Kg1 f2+ 0-1

[Event "EIBCC 2019"]
[Site "Tallinn"]
[Date "2019.12.07"]
[Round "1.12"]
[White "Guseinov, Gadir"]
[Black "Dmitriev, Dmitriy"]
[Result "1-0"]
[WhiteElo "2593"]
[BlackElo "2011"]
[Annotator "ChessBase"]
[PlyCount "52"]
[EventDate "2019.12.06"]
[EventType "swiss"]
[EventCountry "EST"]
[SourceTitle "playchess.com"]
[Source "ChessBase"]
[SourceQuality "1"]

1. e4 e5 2. Nf3 d5 3. Nxe5 Nf6 4. exd5 Qxd5 5. d4 Nc6 6. Nc3 Bb4 7. Be3 O-O 8. Nxc6 Qxc6 9. Qd3 Ne4 10. a3 Bxc3+ 11. bxc3 Bf5 12. Qc4 Qg6 13. Rg1 c5 14. d5 b5 15. Qxb5 Nxc3 16. Qc4 Ne4 17. g4 Bd7 18. Bd3 f5 19. f3 Qf6 20. Rd1 Qh4+ 21. Kf1 Qxh2 22. Rg2 Qh1+ 23. Bg1 fxg4 24. Bxe4 Rae8 25. Rdd2 a6 26. Rdf2 Bb5 1-0

[Event "EIBCC 2019"]
[Site "Tallinn"]
[Date "2019.12.07"]
[Round "1.13"]
[White "Korchagina, Viktoria"]
[Black "Esipenko, Andrey"]
[Result "0-1"]
[WhiteElo "2008"]
[BlackElo "2582"]
[Annotator "ChessBase"]
[PlyCount "94"]
[EventDate "2019.12.06"]
[EventType "swiss"]
[EventCountry "EST"]
[SourceTitle "playchess.com"]
[Source "ChessBase"]
[SourceQuality "1"]

1. e4 e5 2. Nf3 Nc6 3. Bb5 a6 4. Ba4 Nf6 5. O-O b5 6. Bb3 Bc5 7. d3 O-O 8. Bg5 h6 9. Bh4 g5 10. Bg3 d6 11. c3 Bb6 12. Nbd2 Kg7 13. Re1 Nh5 14. Nxe5 Nxe5 15. Bxe5+ dxe5 16. Qxh5 Qxd3 17. Nf3 Qd6 18. Rad1 Qf6 19. Bd5 c6 20. Bb3 g4 21. Nxe5 Bxf2+ 22. Kh1 Bxe1 23. Rxe1 Qg5 24. Qxg5+ hxg5 25. Nxc6 Bb7 26. Nd4 Bc8 27. Rf1 Ra7 28. Bd5 Re7 29. Nc6 Ree8 30. Kg1 Be6 31. Rd1 Bd7 32. Nb4 Bc8 33. Bc6 Rd8 34. Rf1 Rd2 35. b3 a5 36. Nd5 Rxa2 37. Bxb5 Be6 38. c4 Rb2 39. Ba4 Rc8 40. Rc1 Rc5 41. Rd1 Ra2 42. Nc3 Rc2 43. Nd5 Rb2 44. Rf1 f5 45. exf5 Bxd5 46. f6+ Kf8 47. cxd5 Rcc2 0-1

[Event "EIBCC 2019"]
[Site "Tallinn"]
[Date "2019.12.07"]
[Round "1.14"]
[White "Yuffa, Daniil"]
[Black "Hartio, Ilkka"]
[Result "1-0"]
[WhiteElo "2582"]
[BlackElo "2006"]
[Annotator "ChessBase"]
[PlyCount "49"]
[EventDate "2019.12.06"]
[EventType "swiss"]
[EventCountry "EST"]
[SourceTitle "playchess.com"]
[Source "ChessBase"]
[SourceQuality "1"]

1. d4 Nf6 2. c4 g6 3. Nc3 d5 4. cxd5 Nxd5 5. e4 Nxc3 6. bxc3 Bg7 7. Qa4+ Bd7 8. Qa3 O-O 9. Nf3 Nc6 10. Be2 e5 11. d5 Ne7 12. O-O f5 13. Bg5 Re8 14. exf5 gxf5 15. c4 e4 16. Nh4 h6 17. Bf4 Bxa1 18. Rxa1 Kh7 19. Qh3 Ng8 20. Bh5 Rf8 21. Bg6+ Kg7 22. Be5+ Nf6 23. Bxf5 Bxf5 24. Nxf5+ Kh7 25. Qxh6+ 1-0

[Event "EIBCC 2019"]
[Site "Tallinn"]
[Date "2019.12.07"]
[Round "1.15"]
[White "Marinskii, Yurii"]
[Black "Saric, Ante"]
[Result "0-1"]
[WhiteElo "2005"]
[BlackElo "2577"]
[Annotator "ChessBase"]
[PlyCount "66"]
[EventDate "2019.12.06"]
[EventType "swiss"]
[EventCountry "EST"]
[SourceTitle "playchess.com"]
[Source "ChessBase"]
[SourceQuality "1"]

1. e4 d5 2. e5 Bf5 3. d3 c5 4. f4 e6 5. g3 Nc6 6. Bg2 f6 7. exf6 Nxf6 8. Nf3 Bd6 9. O-O O-O 10. Re1 Qc7 11. Nc3 a6 12. Nh4 Bg4 13. Qd2 Rae8 14. h3 Bh5 15. g4 Bf7 16. Ne2 e5 17. f5 e4 18. dxe4 Nxe4 19. Bxe4 Rxe4 20. Nf3 Rfe8 21. Nc3 Rxe1+ 22. Nxe1 d4 23. Ne2 Bh2+ 24. Kf1 Ne5 25. Nf4 Bg3 26. Ned3 Nxd3 27. Nxd3 c4 28. Nf2 Qc6 29. Qxd4 Qf3 30. Bd2 Bxf2 31. Qxf2 Qxh3+ 32. Qg2 Qxg2+ 33. Kxg2 Re2+ 0-1

[Event "EIBCC 2019"]
[Site "Tallinn"]
[Date "2019.12.07"]
[Round "1.16"]
[White "Sanal, Vahap"]
[Black "Miettinen, Teemu"]
[Result "1-0"]
[WhiteElo "2563"]
[BlackElo "2005"]
[Annotator "ChessBase"]
[PlyCount "72"]
[EventDate "2019.12.06"]
[EventType "swiss"]
[EventCountry "EST"]
[SourceTitle "playchess.com"]
[Source "ChessBase"]
[SourceQuality "1"]

1. e4 e5 2. Nf3 Nc6 3. Bc4 Nf6 4. d4 exd4 5. e5 d5 6. Bb5 Ne4 7. Nxd4 Bd7 8. Bxc6 bxc6 9. O-O Bc5 10. f3 Ng5 11. f4 Ne4 12. Be3 Bb6 13. Nd2 Nxd2 14. Qxd2 c5 15. Nf3 d4 16. Bf2 Bc6 17. a4 a5 18. f5 Qd5 19. e6 fxe6 20. Rae1 O-O-O 21. fxe6 Rde8 22. Re5 Qc4 23. b3 Qb4 24. Qxb4 axb4 25. Nd2 Re7 26. Bh4 Ree8 27. Nc4 Kb7 28. Rf7 Ka6 29. a5 Bxa5 30. Rxc5 Rxe6 31. Rxa5+ Kb7 32. Rc5 Rd8 33. Na5+ Kb6 34. Rxc6+ Rxc6 35. Nxc6 Kxc6 36. Bxd8 Kd5 1-0

[Event "EIBCC 2019"]
[Site "Tallinn"]
[Date "2019.12.07"]
[Round "1.17"]
[White "Narva, Triin"]
[Black "Kulaots, Kaido"]
[Result "0-1"]
[WhiteElo "2003"]
[BlackElo "2562"]
[Annotator "ChessBase"]
[PlyCount "68"]
[EventDate "2019.12.06"]
[EventType "swiss"]
[EventCountry "EST"]
[SourceTitle "playchess.com"]
[Source "ChessBase"]
[SourceQuality "1"]

1. e4 c5 2. Nc3 Nc6 3. g3 g6 4. Bg2 Bg7 5. d3 e6 6. Be3 d6 7. Nge2 Nd4 8. O-O Ne7 9. Qd2 O-O 10. Bh6 Bxh6 11. Qxh6 Nxc2 12. Rac1 Nd4 13. Nxd4 cxd4 14. Ne2 e5 15. f4 f6 16. h3 Be6 17. a3 Rc8 18. g4 Rxc1 19. Rxc1 Nc6 20. f5 Bf7 21. h4 Kh8 22. g5 Rg8 23. fxg6 Rxg6 24. Qh5 fxg5 25. Ng3 Be6 26. Nf5 gxh4 27. Rf1 Rg5 28. Qf3 Bxf5 29. exf5 Qf6 30. Qh3 Ne7 31. Kh1 Rxf5 32. Rxf5 Nxf5 33. Be4 Ng3+ 34. Kg2 Qf1+ 0-1

[Event "EIBCC 2019"]
[Site "Tallinn"]
[Date "2019.12.07"]
[Round "1.18"]
[White "Hjartarson, Johann"]
[Black "Malinovskii, Ilia"]
[Result "1-0"]
[WhiteElo "2559"]
[BlackElo "1999"]
[Annotator "ChessBase"]
[PlyCount "58"]
[EventDate "2019.12.06"]
[EventType "swiss"]
[EventCountry "EST"]
[SourceTitle "playchess.com"]
[Source "ChessBase"]
[SourceQuality "1"]

1. d4 d5 2. c4 Nc6 3. Nf3 Nf6 4. Nc3 Bg4 5. e3 e6 6. Be2 dxc4 7. Bxc4 Be7 8. O-O O-O 9. h3 Bh5 10. Be2 Nd5 11. Bd2 Bf6 12. Ne4 Bg6 13. Nc5 Rb8 14. a3 Nb6 15. Rc1 e5 16. Nxb7 Rxb7 17. Rxc6 exd4 18. exd4 Qd5 19. Rc5 Qe4 20. Re1 Qe7 21. Bb4 Qd7 22. Bb5 Qc8 23. Ba6 Rd8 24. Qc1 Qb8 25. Bxb7 Qxb7 26. Rxc7 Qd5 27. Rxa7 h5 28. Ba5 Rb8 29. Qc7 Qd8 1-0

[Event "EIBCC 2019"]
[Site "Tallinn"]
[Date "2019.12.07"]
[Round "1.19"]
[White "Silich, Yahor"]
[Black "Lintchevski, Daniil"]
[Result "0-1"]
[WhiteElo "1995"]
[BlackElo "2553"]
[Annotator "ChessBase"]
[PlyCount "64"]
[EventDate "2019.12.06"]
[EventType "swiss"]
[EventCountry "EST"]
[SourceTitle "playchess.com"]
[Source "ChessBase"]
[SourceQuality "1"]

1. e4 c5 2. Nf3 Nc6 3. Bb5 g6 4. O-O Bg7 5. Re1 Nf6 6. e5 Nd5 7. Nc3 Nc7 8. Bxc6 dxc6 9. Ne4 Ne6 10. d3 O-O 11. h3 b6 12. Be3 f6 13. Qd2 f5 14. Neg5 f4 15. Nxe6 fxe3 16. Qxe3 Bxe6 17. Ng5 Qd7 18. Rad1 Bh6 19. Qg3 Bxg5 20. Qxg5 Rf5 21. Qe3 Qd4 22. Qd2 Raf8 23. Re3 Rxf2 24. Qxf2 Rxf2 25. Kxf2 Qxb2 26. Rd2 Qxa2 27. Kg1 a5 28. Rf2 a4 29. Ref3 Qa1+ 30. Rf1 Qd4+ 31. Kh1 a3 32. Rf8+ Kg7 0-1

[Event "EIBCC 2019"]
[Site "Tallinn"]
[Date "2019.12.07"]
[Round "1.20"]
[White "Popov, Valerij"]
[Black "Blauhut, Holger"]
[Result "1-0"]
[WhiteElo "2547"]
[BlackElo "1992"]
[Annotator "ChessBase"]
[PlyCount "92"]
[EventDate "2019.12.06"]
[EventType "swiss"]
[EventCountry "EST"]
[SourceTitle "playchess.com"]
[Source "ChessBase"]
[SourceQuality "1"]

1. Nf3 d5 2. c4 e6 3. g3 Nf6 4. Bg2 Nbd7 5. b3 Be7 6. O-O O-O 7. Bb2 b6 8. cxd5 exd5 9. d4 Ne4 10. Nc3 Nxc3 11. Bxc3 Nf6 12. Ne5 Bb7 13. Rc1 Rc8 14. Bb2 c5 15. Rc2 Bd6 16. Nc4 Bb8 17. Ne3 Ne4 18. Qa1 f6 19. Rd1 cxd4 20. Rxc8 Qxc8 21. Bxd4 Qe6 22. Bb2 Rd8 23. Qb1 Nc5 24. Rd2 Be5 25. Qd1 Bxb2 26. Rxb2 Rd7 27. Rd2 d4 28. Rxd4 Rxd4 29. Qxd4 Bxg2 30. Kxg2 Qe4+ 31. Qxe4 Nxe4 32. Nd5 Kf7 33. f3 Nc5 34. Kf2 Ke6 35. Nc3 a6 36. e4 b5 37. Ke3 Kd6 38. f4 Kc6 39. Ne2 a5 40. Nd4+ Kb6 41. e5 fxe5 42. fxe5 Na6 43. Ke4 Kc7 44. Nxb5+ Kd7 45. Nd4 Nb4 46. a3 Na2 1-0

[Event "EIBCC 2019"]
[Site "Tallinn"]
[Date "2019.12.07"]
[Round "1.21"]
[White "Kolesnikovs, Ivans"]
[Black "Ruck, Robert"]
[Result "0-1"]
[WhiteElo "1976"]
[BlackElo "2541"]
[Annotator "ChessBase"]
[PlyCount "57"]
[EventDate "2019.12.06"]
[EventType "swiss"]
[EventCountry "EST"]
[SourceTitle "playchess.com"]
[Source "ChessBase"]
[SourceQuality "1"]

1. e4 c6 2. d4 d5 3. exd5 cxd5 4. c4 Nf6 5. Nc3 e6 6. Nf3 Bb4 7. Bd2 O-O 8. cxd5 exd5 9. Bd3 Re8+ 10. Ne5 Nc6 11. O-O Nxd4 12. Re1 Bd6 13. f4 Nc6 14. Qf3 Nxe5 15. fxe5 Bxe5 16. Bg5 Qb6+ 17. Kh1 Bg4 18. Qe3 Qxe3 19. Rxe3 d4 20. Bxf6 dxe3 21. Bxe5 Rxe5 22. h3 Bh5 23. Re1 Rd8 24. Bc4 Rd2 25. Kh2 Bf3 26. Kg3 Bxg2 27. Nb1 Rxb2 28. Rd1 g6 29. Nc3 0-1

[Event "EIBCC 2019"]
[Site "Tallinn"]
[Date "2019.12.07"]
[Round "1.22"]
[White "Turov, Maxim"]
[Black "Ponomarev, Vsevolod"]
[Result "1-0"]
[WhiteElo "2535"]
[BlackElo "1971"]
[Annotator "ChessBase"]
[PlyCount "107"]
[EventDate "2019.12.06"]
[EventType "swiss"]
[EventCountry "EST"]
[SourceTitle "playchess.com"]
[Source "ChessBase"]
[SourceQuality "1"]

1. d4 d5 2. c4 e6 3. Nc3 Nf6 4. cxd5 exd5 5. Bg5 c6 6. e3 Bf5 7. Qf3 Bg6 8. Bxf6 Qxf6 9. Qxf6 gxf6 10. Nf3 Nd7 11. Nh4 Bd6 12. Kd2 Ke7 13. Bd3 Ke6 14. Ne2 f5 15. Nf4+ Kf6 16. g3 Nf8 17. a3 a5 18. Rac1 Ne6 19. Nxe6 fxe6 20. f4 Rhc8 21. h3 Bh5 22. Be2 Bxe2 23. Kxe2 c5 24. dxc5 Rxc5 25. Rxc5 Bxc5 26. g4 Rg8 27. Rc1 b6 28. g5+ Ke7 29. Nf3 h6 30. h4 hxg5 31. fxg5 Rh8 32. Rh1 Rh5 33. Nd4 f4 34. b4 axb4 35. axb4 Bd6 36. exf4 Bxf4 37. Kf3 Bxg5 38. Kg4 Rxh4+ 39. Rxh4 Bxh4 40. Kxh4 Kd6 41. Kg4 e5 42. Nb5+ Kc6 43. Na7+ Kd6 44. Kf5 b5 45. Nxb5+ Kc6 46. Na3 e4 47. Kf4 Kd6 48. Nb5+ Kc6 49. Nd4+ Kd6 50. Ke3 Ke5 51. Ne2 d4+ 52. Nxd4 Kd5 53. Nc2 Kc4 54. Kxe4 1-0

[Event "EIBCC 2019"]
[Site "Tallinn"]
[Date "2019.12.07"]
[Round "1.24"]
[White "Dragnev, Valentin"]
[Black "Daudzvardis, Janis"]
[Result "1-0"]
[WhiteElo "2523"]
[BlackElo "1969"]
[Annotator "ChessBase"]
[PlyCount "37"]
[EventDate "2019.12.06"]
[EventType "swiss"]
[EventCountry "EST"]
[SourceTitle "playchess.com"]
[Source "ChessBase"]
[SourceQuality "1"]

1. d4 c5 2. d5 e5 3. Nc3 d6 4. e4 Be7 5. Nf3 Nf6 6. Bb5+ Bd7 7. a4 a6 8. Be2 O-O 9. O-O Ne8 10. Be3 g6 11. Nd2 Ng7 12. f4 exf4 13. Bxf4 Qc7 14. Nc4 Ne8 15. e5 dxe5 16. Bxe5 Bd6 17. Nxd6 Nxd6 18. Ne4 c4 19. Nf6+ 1-0

[Event "EIBCC 2019"]
[Site "Tallinn"]
[Date "2019.12.07"]
[Round "1.25"]
[White "Fischer, Erik"]
[Black "Gretarsson, Helgi Ass"]
[Result "0-1"]
[WhiteElo "1969"]
[BlackElo "2523"]
[Annotator "ChessBase"]
[PlyCount "77"]
[EventDate "2019.12.06"]
[EventType "swiss"]
[EventCountry "EST"]
[SourceTitle "playchess.com"]
[Source "ChessBase"]
[SourceQuality "1"]

1. e4 g6 2. d4 Bg7 3. Nf3 d6 4. Nc3 a6 5. a4 b6 6. Bd3 Bb7 7. O-O Nd7 8. Be3 e6 9. Qd2 Ne7 10. Bh6 O-O 11. h4 Re8 12. Bxg7 Kxg7 13. h5 Ng8 14. Rfe1 Qe7 15. Qf4 e5 16. Qg3 Ndf6 17. hxg6 hxg6 18. dxe5 dxe5 19. Nh4 Qe6 20. b3 Qg4 21. Qxg4 Nxg4 22. Nf3 Rad8 23. Rad1 Ne7 24. Bc4 c6 25. Ng5 Nh6 26. b4 b5 27. axb5 cxb5 28. Bb3 Nc6 29. Na2 Nd4 30. Nf3 Nxf3+ 31. gxf3 Ng8 32. Nc3 Nf6 33. Nd5 Bxd5 34. Bxd5 Re7 35. Rd3 Nh5 36. Red1 Nf4 37. R3d2 Rh8 38. Bc6 Rh3 39. Rd7 0-1

[Event "EIBCC 2019"]
[Site "Tallinn"]
[Date "2019.12.07"]
[Round "1.26"]
[White "Usmanov, Vasily"]
[Black "Bondareva, Daria"]
[Result "1-0"]
[WhiteElo "2495"]
[BlackElo "1967"]
[Annotator "ChessBase"]
[PlyCount "117"]
[EventDate "2019.12.06"]
[EventType "swiss"]
[EventCountry "EST"]
[SourceTitle "playchess.com"]
[Source "ChessBase"]
[SourceQuality "1"]

1. d4 Nf6 2. Bg5 Ne4 3. Bf4 d5 4. e3 e6 5. Bd3 Bd6 6. Ne2 O-O 7. O-O f5 8. c4 c6 9. Nd2 Bxf4 10. Nxf4 Qf6 11. Nf3 Nd7 12. Be2 dxc4 13. Bxc4 Nb6 14. Bb3 Nd5 15. Nd3 Rd8 16. Nfe5 Bd7 17. Qe2 Be8 18. f3 Nd6 19. e4 Nc7 20. Rad1 Ndb5 21. exf5 Nxd4 22. Qe3 Nxf5 23. Qf4 Nd5 24. Ng4 Qe7 25. Qe5 Qd6 26. Rfe1 Bf7 27. Kf2 Re8 28. Qxd6 Nxd6 29. Nge5 Rad8 30. Nc5 b6 31. Ncd3 Nb5 32. Nxc6 Rd6 33. Nde5 Rc8 34. a4 Nbc7 35. Nxa7 Ra8 36. Nb5 Nxb5 37. axb5 Ra5 38. Bc4 Ra8 39. Rd2 Rad8 40. Red1 Be8 41. g3 Kf8 42. f4 Ke7 43. h4 Bh5 44. g4 Bf7 45. Nxf7 Kxf7 46. f5 Kf6 47. fxe6 Kxe6 48. Kg3 Ke5 49. Re1+ Kf6 50. g5+ Kf7 51. Red1 Ke6 52. b3 R6d7 53. Kg4 Rd6 54. h5 R6d7 55. Kh4 Rd6 56. Kg3 R6d7 57. Kg4 Rd6 58. Kf3 R6d7 59. Ke4 1-0

[Event "EIBCC 2019"]
[Site "Tallinn"]
[Date "2019.12.07"]
[Round "1.27"]
[White "Gudovskis, Konstantins"]
[Black "Schneider, Ilja"]
[Result "0-1"]
[WhiteElo "1963"]
[BlackElo "2483"]
[Annotator "ChessBase"]
[PlyCount "138"]
[EventDate "2019.12.06"]
[EventType "swiss"]
[EventCountry "EST"]
[SourceTitle "playchess.com"]
[Source "ChessBase"]
[SourceQuality "1"]

1. d4 d5 2. c4 c6 3. e3 Nf6 4. Nf3 Bf5 5. Nc3 e6 6. Bd3 Bg6 7. O-O Nbd7 8. Re1 Be7 9. e4 Nc5 10. cxd5 Nxd3 11. Qxd3 exd5 12. Nd2 O-O 13. Qe3 dxe4 14. Ndxe4 Nxe4 15. Nxe4 Re8 16. Nc3 Ba3 17. Qd2 Rxe1+ 18. Qxe1 Qe8 19. Qd2 Be7 20. Qe2 Bf6 21. Qxe8+ Rxe8 22. Be3 Rd8 23. Rd1 Bc2 24. Rd2 Bf5 25. h3 h5 26. d5 a6 27. dxc6 Rxd2 28. Bxd2 bxc6 29. Na4 Bb1 30. Nc3 Bd3 31. g3 g5 32. Be3 Kf8 33. Bc5+ Ke8 34. f3 Kd7 35. Kf2 Ke6 36. Ke3 Bc4 37. Bd4 Be7 38. g4 h4 39. f4 gxf4+ 40. Kxf4 Bf1 41. Bf2 Bxh3 42. g5 Bd6+ 43. Kf3 Kf5 44. Bxh4 Bg4+ 45. Ke3 Bf4+ 46. Kd3 Bxg5 47. Bg3 Ke6 48. Kc4 f5 49. Kc5 Kd7 50. Kb6 f4 51. Bf2 Bf6 52. Kxa6 Kd6 53. a4 Bf5 54. a5 Bd3+ 55. Kb7 c5 56. a6 Bxc3 57. bxc3 Be4+ 58. Kb8 Kd5 59. a7 Kc4 60. Be1 f3 61. a8=Q Bxa8 62. Kxa8 Kd3 63. Kb7 c4 64. Kc6 Ke2 65. Bh4 Kd2 66. Kd5 Kxc3 67. Be1+ Kd3 68. Ke5 c3 69. Kf4 c2 0-1

[Event "EIBCC 2019"]
[Site "Tallinn"]
[Date "2019.12.07"]
[Round "1.29"]
[White "Vihmand, Ants"]
[Black "Potapov, Pavel"]
[Result "0-1"]
[WhiteElo "1959"]
[BlackElo "2464"]
[Annotator "ChessBase"]
[PlyCount "40"]
[EventDate "2019.12.06"]
[EventType "swiss"]
[EventCountry "EST"]
[SourceTitle "playchess.com"]
[Source "ChessBase"]
[SourceQuality "1"]

1. e4 c5 2. d4 cxd4 3. c3 Nf6 4. e5 Nd5 5. Qxd4 e6 6. Nf3 Nc6 7. Qe4 f5 8. exf6 Nxf6 9. Qc2 Bc5 10. Bg5 O-O 11. Bd3 h6 12. h4 d5 13. Na3 Bxa3 14. bxa3 e5 15. O-O-O Qa5 16. Bxf6 Rxf6 17. Bh7+ Kh8 18. Ng5 Qxa3+ 19. Kb1 Ne7 20. Bg8 Bf5 0-1